[Event "EYCC 2024 - O14"]
[Site "?"]
[Date "2024.08.31"]
[Round "9.8"]
[White "Torosyan, Volodya"]
[Black "Balint, Peter"]
[Result "0-1"]
[BlackElo "2336"]
[WhiteElo "2148"]
[LiveChessVersion "1.4.8"]

1. e4 {[%clk 1:30:58]} e5 {[%clk 1:30:50]} 2. Nf3 {[%clk 1:31:25]} Nc6
{[%clk 1:31:16]} 3. Bb5 {[%clk 1:31:51]} a6 {[%clk 1:31:42]} 4. Ba4
{[%clk 1:32:17]} d6 {[%clk 1:32:08]} 5. c3 {[%clk 1:32:07]} Bd7 {[%clk 1:32:11]}
6. O-O {[%clk 1:31:28]} g6 {[%clk 1:32:07]} 7. d4 {[%clk 1:30:39]} Bg7
{[%clk 1:31:20]} 8. d5 {[%clk 1:28:13]} Nb8 {[%clk 1:20:07]} 9. Bxd7+
{[%clk 1:23:57]} Nxd7 {[%clk 1:20:33]} 10. c4 {[%clk 1:22:58]} Ne7
{[%clk 1:19:35]} 11. Nc3 {[%clk 1:22:16]} O-O {[%clk 1:19:39]} 12. Be3
{[%clk 1:19:18]} h6 {[%clk 1:18:39]} 13. b4 {[%clk 1:12:45]} f5 {[%clk 1:14:08]}
14. c5 {[%clk 1:11:40]} Nf6 {[%clk 1:11:06]} 15. cxd6 {[%clk 1:09:45]} cxd6
{[%clk 1:10:39]} 16. Qb3 {[%clk 1:07:27]} Kh7 {[%clk 0:58:11]} 17. a4
{[%clk 1:04:00]} Rc8 {[%clk 0:51:27]} 18. a5 {[%clk 0:57:13]} fxe4
{[%clk 0:47:51]} 19. Nd2 {[%clk 0:56:42]} Rxc3 {[%clk 0:46:33]} 20. Qxc3
{[%clk 0:57:10]} Nexd5 {[%clk 0:46:25]} 21. Qb3 {[%clk 0:57:31]} Nf4
{[%clk 0:46:20]} 22. b5 {[%clk 0:50:05]} d5 {[%clk 0:43:35]} 23. bxa6
{[%clk 0:47:37]} bxa6 {[%clk 0:43:57]} 24. Bc5 {[%clk 0:36:43]} Rf7
{[%clk 0:39:31]} 25. g3 {[%clk 0:34:27]} Nd3 {[%clk 0:30:33]} 26. Bb6
{[%clk 0:33:23]} Qd7 {[%clk 0:20:58]} 27. f3 {[%clk 0:30:59]} Rf8
{[%clk 0:12:22]} 28. fxe4 {[%clk 0:26:00]} dxe4 {[%clk 0:12:46]} 29. Rad1
{[%clk 0:25:11]} Qg4 {[%clk 0:09:32]} 30. Nxe4 {[%clk 0:23:36]} Nf4
{[%clk 0:09:05]} 31. Nxf6+ {[%clk 0:20:04]} Rxf6 {[%clk 0:08:47]} 32. Kh1
{[%clk 0:18:17]} Nh3 {[%clk 0:08:45]} 33. Rxf6 {[%clk 0:17:05]} Bxf6
{[%clk 0:09:08]} 34. Rf1 {[%clk 0:16:22]} Bg7 {[%clk 0:09:32]} 35. Qf3
{[%clk 0:16:27]} Qd7 {[%clk 0:09:41]} 36. Be3 {[%clk 0:14:10]} Qb5
{[%clk 0:08:47]} 37. Qg2 {[%clk 0:13:29]} Ng5 {[%clk 0:08:26]} 38. Bxg5
{[%clk 0:13:17]} hxg5 {[%clk 0:08:52]} 39. Ra1 {[%clk 0:04:56]} e4
{[%clk 0:07:49]} 40. Rd1 {[%clk 0:03:43]} Qf5 {[%clk 0:06:10]} 41. Rf1
{[%clk 0:03:01]} Qe6 {[%clk 0:04:48]} 42. Re1 {[%clk 0:01:52]} e3
{[%clk 0:04:50]} 43. Qf3 {[%clk 0:02:17]} Bd4 {[%clk 0:05:04]} 44. Rc1
{[%clk 0:02:00]} g4 {[%clk 0:04:42]} 45. Qe2 {[%clk 0:00:33]} Qe4+
{[%clk 0:03:13]} 46. Kg1 {[%clk 0:00:48]} Kh6 {[%clk 0:01:51]} 47. Rf1
{[%clk 0:00:55]} Qf3 {[%clk 0:01:35]} 48. Re1 {[%clk 0:00:32]} Bc5
{[%clk 0:01:43]} 49. h3 {[%clk 0:00:38]} Qxg3+ {[%clk 0:02:08]} 50. Kh1
{[%clk 0:01:06]} Qxh3+ {[%clk 0:01:49]} 51. Qh2 {[%clk 0:01:12]} Kg5
{[%clk 0:02:00]} 52. Kg1 {[%clk 0:01:18]} e2+ {[%clk 0:02:05]} 53. Kh1
{[%clk 0:01:42]} Qf3+ {[%clk 0:02:32]} 54. Qg2 {[%clk 0:02:06]} Bf2
{[%clk 0:02:46]} 55. Rxe2 {[%clk 0:00:40]} Qxe2 {[%clk 0:03:11]} 56. Qd5+
{[%clk 0:01:07]} Kh6 {[%clk 0:03:31]} 57. Qg2 {[%clk 0:01:09]} Qe1+
{[%clk 0:03:56]} 58. Kh2 {[%clk 0:01:34]} g3+ {[%clk 0:04:23]} 59. Kh3
{[%clk 0:01:55]} Qe6+ {[%clk 0:04:50]} 60. Kh4 {[%clk 0:02:22]} g5# 0-1

[Event "EYCC 2024 - O14"]
[Site "?"]
[Date "2024.08.31"]
[Round "9.10"]
[White "Federer, Colin"]
[Black "Boci, Mateo"]
[Result "1-0"]
[BlackElo "2052"]
[WhiteElo "2151"]
[LiveChessVersion "1.4.8"]

1. d4 {[%clk 1:30:54]} Nf6 {[%clk 1:30:50]} 2. c4 {[%clk 1:31:20]} e6
{[%clk 1:31:07]} 3. g3 {[%clk 1:31:42]} d5 {[%clk 1:31:26]} 4. Bg2
{[%clk 1:32:06]} Bb4+ {[%clk 1:31:39]} 5. Bd2 {[%clk 1:32:32]} a5
{[%clk 1:31:57]} 6. Nf3 {[%clk 1:32:52]} O-O {[%clk 1:32:17]} 7. O-O
{[%clk 1:33:13]} dxc4 {[%clk 1:32:38]} 8. e3 {[%clk 1:33:30]} Bxd2
{[%clk 1:27:58]} 9. Nbxd2 {[%clk 1:33:18]} b5 {[%clk 1:27:13]} 10. Ne5
{[%clk 1:13:48]} Nd5 {[%clk 1:22:29]} 11. Qh5 {[%clk 1:09:48]} f6
{[%clk 1:11:17]} 12. Be4 {[%clk 1:05:20]} f5 {[%clk 1:10:07]} 13. Bg2
{[%clk 1:04:03]} Bb7 {[%clk 1:09:04]} 14. a4 {[%clk 0:59:52]} Nf6
{[%clk 1:03:33]} 15. Qh3 {[%clk 0:59:00]} Bxg2 {[%clk 0:42:10]} 16. Qxg2
{[%clk 0:59:24]} c6 {[%clk 0:39:07]} 17. axb5 {[%clk 0:53:59]} Nd5
{[%clk 0:38:15]} 18. bxc6 {[%clk 0:51:38]} Qc7 {[%clk 0:37:48]} 19. Rfc1
{[%clk 0:50:05]} c3 {[%clk 0:33:42]} 20. bxc3 {[%clk 0:48:27]} Nxc6
{[%clk 0:34:04]} 21. Nxc6 {[%clk 0:43:05]} Qxc6 {[%clk 0:34:09]} 22. c4
{[%clk 0:43:19]} Nb4 {[%clk 0:34:33]} 23. Qxc6 {[%clk 0:43:40]} Nxc6
{[%clk 0:34:58]} 24. c5 {[%clk 0:43:30]} Rfb8 {[%clk 0:32:51]} 25. Ra4
{[%clk 0:39:26]} Kf7 {[%clk 0:25:03]} 26. Nc4 {[%clk 0:36:58]} Rb4
{[%clk 0:19:54]} 27. Rca1 {[%clk 0:36:10]} Rxa4 {[%clk 0:19:11]} 28. Rxa4
{[%clk 0:36:34]} Kf6 {[%clk 0:18:13]} 29. f4 {[%clk 0:32:12]} Rb8
{[%clk 0:15:54]} 30. Ne5 {[%clk 0:29:22]} Rb1+ {[%clk 0:14:41]} 31. Kg2
{[%clk 0:26:07]} Rb2+ {[%clk 0:13:20]} 32. Kf3 {[%clk 0:23:08]} Nb4
{[%clk 0:11:39]} 33. Rxa5 {[%clk 0:19:22]} g5 {[%clk 0:10:15]} 34. fxg5+
{[%clk 0:18:58]} Kxg5 {[%clk 0:10:41]} 35. h4+ {[%clk 0:19:04]} Kh6
{[%clk 0:11:03]} 36. Rb5 {[%clk 0:18:44]} f4 {[%clk 0:09:22]} 37. gxf4
{[%clk 0:18:49]} Kg7 {[%clk 0:08:39]} 38. c6 {[%clk 0:18:54]} 1-0

[Event "EYCC 2024 - O14"]
[Site "?"]
[Date "2024.08.31"]
[Round "9.11"]
[White "Nemitz, Alfred"]
[Black "Mahmudzade, Yunis"]
[Result "1-0"]
[BlackElo "1962"]
[WhiteElo "2201"]
[LiveChessVersion "1.4.8"]

1. d4 {[%clk 1:30:59]} Nf6 {[%clk 1:30:51]} 2. Nf3 {[%clk 1:31:22]} g6
{[%clk 1:31:14]} 3. Bg5 {[%clk 1:31:38]} Bg7 {[%clk 1:31:37]} 4. Nbd2
{[%clk 1:32:05]} c5 {[%clk 1:31:54]} 5. Bxf6 {[%clk 1:32:29]} Bxf6
{[%clk 1:32:15]} 6. Ne4 {[%clk 1:32:55]} Qb6 {[%clk 1:32:38]} 7. Nxf6+
{[%clk 1:33:20]} exf6 {[%clk 1:33:01]} 8. Rb1 {[%clk 1:27:49]} O-O
{[%clk 1:29:15]} 9. e3 {[%clk 1:22:41]} d6 {[%clk 1:28:49]} 10. Be2
{[%clk 1:19:17]} Qc7 {[%clk 1:28:33]} 11. O-O {[%clk 1:19:16]} c4
{[%clk 1:28:41]} 12. Nd2 {[%clk 1:09:17]} d5 {[%clk 1:24:27]} 13. e4
{[%clk 1:08:47]} dxe4 {[%clk 1:24:49]} 14. Nxe4 {[%clk 1:08:13]} Kg7
{[%clk 1:24:57]} 15. d5 {[%clk 1:07:15]} Nd7 {[%clk 1:20:55]} 16. Qd4 b5
{[%clk 1:14:37]} 17. a4 {[%clk 1:05:03]} a6 {[%clk 1:12:00]} 18. Rbd1
{[%clk 1:01:26]} Bb7 {[%clk 1:09:03]} 19. Bg4 {[%clk 0:57:51]} Rfe8
{[%clk 1:00:04]} 20. Bxd7 {[%clk 0:54:52]} Rxe4 {[%clk 1:00:32]} 21. Qxe4
{[%clk 0:55:14]} Qxd7 {[%clk 1:01:01]} 22. Rfe1 {[%clk 0:53:52]} Rd8
{[%clk 1:00:57]} 23. Qe7 {[%clk 0:52:14]} Qc8 {[%clk 1:01:26]} 24. d6
{[%clk 0:38:04]} Rd7 {[%clk 0:56:01]} 25. axb5 {[%clk 0:29:19]} axb5
{[%clk 0:48:02]} 26. Qe3 {[%clk 0:29:28]} Qc6 {[%clk 0:44:27]} 27. Qg3
{[%clk 0:29:56]} Qc5 {[%clk 0:44:15]} 28. Rd2 {[%clk 0:23:09]} h5
{[%clk 0:43:57]} 29. h4 {[%clk 0:23:00]} b4 {[%clk 0:44:01]} 30. c3
{[%clk 0:20:53]} b3 {[%clk 0:42:14]} 31. Qf4 {[%clk 0:18:30]} Ba8
{[%clk 0:39:45]} 32. Qd4 {[%clk 0:17:04]} Qc6 {[%clk 0:38:59]} 33. f3
{[%clk 0:17:30]} Qa6 {[%clk 0:38:39]} 34. Re7 {[%clk 0:16:52]} Rxe7
{[%clk 0:39:00]} 35. dxe7 {[%clk 0:17:03]} Qe6 {[%clk 0:39:29]} 36. Kf2
{[%clk 0:16:28]} Qxe7 {[%clk 0:39:49]} 37. Qxc4 {[%clk 0:16:37]} Qa7+
{[%clk 0:39:58]} 38. Qd4 {[%clk 0:16:58]} Qa5 {[%clk 0:39:23]} 39. c4
{[%clk 0:15:45]} Bc6 {[%clk 0:39:27]} 40. Kg1 {[%clk 0:13:56]} Qa1+
{[%clk 0:38:39]} 41. Rd1 {[%clk 0:14:12]} Qa5 {[%clk 0:38:40]} 42. Kh1
{[%clk 0:13:56]} Qf5 {[%clk 0:38:33]} 43. Kh2 {[%clk 0:13:36]} Qe6
{[%clk 0:37:51]} 44. Rd3 {[%clk 0:13:20]} Ba4 {[%clk 0:37:49]} 45. Re3
{[%clk 0:12:47]} Qc8 {[%clk 0:36:48]} 46. c5 {[%clk 0:12:57]} Bd7
{[%clk 0:35:09]} 47. Qd6 {[%clk 0:12:54]} Be6 {[%clk 0:35:19]} 48. c6
{[%clk 0:08:34]} Qa6 {[%clk 0:35:39]} 49. Rxe6 {[%clk 0:06:27]} fxe6
{[%clk 0:35:58]} 50. Qxe6 {[%clk 0:05:09]} Qa4 51. Qe7+ {[%clk 0:04:38]} Kh6
{[%clk 0:34:40]} 52. Qxf6 {[%clk 0:05:02]} Kh7 {[%clk 0:35:03]} 53. Qe7+
{[%clk 0:03:26]} Kg8 {[%clk 0:35:29]} 54. Qe4 {[%clk 0:03:26]} Qa5
{[%clk 0:35:39]} 55. Qxg6+ {[%clk 0:03:37]} Kh8 {[%clk 0:36:06]} 56. Qh6+
{[%clk 0:03:49]} Kg8 {[%clk 0:36:35]} 1-0

[Event "EYCC 2024 - O14"]
[Site "?"]
[Date "2024.08.31"]
[Round "9.12"]
[White "Marin Ferragut, Pau"]
[Black "Gubin, Dmitrii"]
[Result "1-0"]
[BlackElo "2084"]
[WhiteElo "2338"]
[LiveChessVersion "1.4.8"]

1. c4 {[%clk 1:30:53]} e5 {[%clk 1:30:53]} 2. Nc3 {[%clk 1:31:00]} Bb4
{[%clk 1:31:14]} 3. Qc2 {[%clk 1:29:17]} Nf6 {[%clk 1:31:03]} 4. Nf3
{[%clk 1:28:19]} d6 {[%clk 1:31:10]} 5. e3 {[%clk 1:27:32]} O-O {[%clk 1:30:02]}
6. Be2 {[%clk 1:25:54]} Re8 {[%clk 1:25:10]} 7. d4 {[%clk 1:22:17]} c5
{[%clk 1:18:40]} 8. a3 {[%clk 1:20:08]} Bxc3+ {[%clk 1:04:07]} 9. bxc3
{[%clk 1:20:37]} Bg4 {[%clk 0:40:16]} 10. dxe5 {[%clk 1:13:49]} dxe5
{[%clk 0:40:40]} 11. e4 {[%clk 1:14:12]} Nc6 {[%clk 0:39:53]} 12. Be3
{[%clk 1:13:19]} Qe7 {[%clk 0:38:15]} 13. Rb1 {[%clk 1:09:00]} h6
{[%clk 0:36:59]} 14. O-O {[%clk 1:04:41]} b6 {[%clk 0:35:44]} 15. Nh4
{[%clk 0:57:49]} Bxe2 {[%clk 0:29:28]} 16. Nf5 {[%clk 0:57:04]} Qe6
{[%clk 0:26:44]} 17. Qxe2 {[%clk 0:56:59]} Ne7 {[%clk 0:26:00]} 18. Ng3
{[%clk 0:57:02]} Ng6 {[%clk 0:20:59]} 19. f3 {[%clk 0:55:09]} Nf4
{[%clk 0:14:00]} 20. Qa2 {[%clk 0:51:15]} Rad8 {[%clk 0:08:49]} 21. Rfd1
{[%clk 0:47:25]} Rd7 {[%clk 0:07:38]} 22. Bxf4 {[%clk 0:47:18]} exf4
{[%clk 0:07:59]} 23. Ne2 {[%clk 0:47:19]} g5 {[%clk 0:07:45]} 24. Rxd7
{[%clk 0:43:05]} Nxd7 {[%clk 0:03:12]} 25. Rd1 {[%clk 0:36:38]} f5
{[%clk 0:01:17]} 26. exf5 {[%clk 0:37:07]} Qe3+ {[%clk 0:00:43]} 27. Kf1
{[%clk 0:37:36]} Ne5 {[%clk 0:01:01]} 28. Qd2 {[%clk 0:37:46]} Kh8
{[%clk 0:00:34]} 29. Qxe3 {[%clk 0:31:53]} fxe3 {[%clk 0:01:03]} 30. Ng3
{[%clk 0:30:37]} Nxc4 {[%clk 0:01:10]} 31. Rd7 {[%clk 0:29:38]} g4
{[%clk 0:00:41]} 32. Ke2 {[%clk 0:28:26]} gxf3+ {[%clk 0:01:02]} 33. gxf3
{[%clk 0:28:51]} Re5 {[%clk 0:00:33]} 34. f6 {[%clk 0:22:50]} Nxa3
{[%clk 0:00:33]} 35. Rd8+ {[%clk 0:20:45]} Kh7 36. f7 Nb5 {[%clk 0:00:55]} 37.
f8=Q {[%clk 0:21:09]} Nxc3+ 38. Ke1 Rd5 {[%clk 0:01:24]} 39. Qf7#
{[%clk 0:22:01]} 1-0

[Event "EYCC 2024 - O14"]
[Site "?"]
[Date "2024.08.31"]
[Round "9.13"]
[White "Boulos, Paul"]
[Black "Breuil, Virgile"]
[Result "1/2-1/2"]
[BlackElo "2251"]
[WhiteElo "2083"]
[LiveChessVersion "1.4.8"]

1. e4 {[%clk 1:30:56]} e5 {[%clk 1:30:50]} 2. Nf3 {[%clk 1:31:17]} Nc6
{[%clk 1:31:13]} 3. Nc3 {[%clk 1:31:40]} Nf6 {[%clk 1:31:33]} 4. Bb5
{[%clk 1:32:01]} Nd4 {[%clk 1:30:50]} 5. O-O {[%clk 1:32:06]} Nxb5
{[%clk 1:26:34]} 6. Nxb5 {[%clk 1:32:11]} c6 {[%clk 1:26:25]} 7. Nc3
{[%clk 1:32:35]} d6 {[%clk 1:26:00]} 8. d4 {[%clk 1:33:00]} Qc7 {[%clk 1:25:22]}
9. Bg5 {[%clk 1:33:07]} Be7 {[%clk 1:24:54]} 10. a4 {[%clk 1:33:26]} O-O
{[%clk 1:23:30]} 11. h3 {[%clk 1:32:25]} h6 {[%clk 1:22:51]} 12. Bh4
{[%clk 1:32:38]} Nh5 {[%clk 1:20:35]} 13. dxe5 {[%clk 1:32:45]} dxe5
{[%clk 1:18:28]} 14. Nxe5 {[%clk 1:32:58]} Nf4 {[%clk 1:13:04]} 15. Bxe7
{[%clk 1:30:51]} Qxe7 {[%clk 1:13:22]} 16. Nf3 {[%clk 1:29:47]} Qf6
{[%clk 1:11:30]} 17. Kh1 {[%clk 1:19:05]} Rd8 {[%clk 0:58:14]} 18. e5
{[%clk 1:16:36]} Rxd1 {[%clk 0:57:46]} 19. exf6 {[%clk 1:16:55]} Rxf1+
{[%clk 0:57:09]} 20. Rxf1 {[%clk 1:17:16]} gxf6 {[%clk 0:57:16]} 21. Re1
{[%clk 1:06:02]} Be6 {[%clk 0:54:24]} 22. Nd4 {[%clk 0:59:14]} Rd8
{[%clk 0:47:37]} 23. Re4 {[%clk 0:56:49]} Nd5 {[%clk 0:47:37]} 24. Nxe6
{[%clk 0:52:21]} fxe6 {[%clk 0:48:01]} 25. Nxd5 {[%clk 0:49:58]} Rxd5
{[%clk 0:44:57]} 26. Rxe6 {[%clk 0:50:19]} Rd2 {[%clk 0:42:19]} 27. Rxf6
{[%clk 0:47:49]} Rxc2 {[%clk 0:42:27]} 28. Rxh6 {[%clk 0:36:32]} Rxb2
{[%clk 0:41:05]} 29. a5 {[%clk 0:33:52]} Ra2 {[%clk 0:36:47]} 30. Rd6
{[%clk 0:31:01]} Kf8 {[%clk 0:34:06]} 31. Rd7 {[%clk 0:29:06]} b6
{[%clk 0:33:32]} 32. axb6 {[%clk 0:28:09]} axb6 {[%clk 0:33:56]} 33. Rb7
{[%clk 0:26:24]} Rb2 {[%clk 0:32:32]} 34. g4 {[%clk 0:25:09]} b5 {[%clk 0:31:30]}
35. Kg2 {[%clk 0:24:56]} b4 {[%clk 0:30:58]} 36. h4 {[%clk 0:25:02]} c5
{[%clk 0:28:44]} 37. h5 {[%clk 0:24:38]} Re2 {[%clk 0:26:56]} 38. h6
{[%clk 0:24:09]} Kg8 {[%clk 0:26:41]} 39. g5 {[%clk 0:23:10]} Re6
{[%clk 0:26:33]} 40. Rc7 {[%clk 0:21:45]} b3 {[%clk 0:23:51]} 41. Rxc5
{[%clk 0:21:28]} Rb6 {[%clk 0:24:01]} 42. Rc1 {[%clk 0:21:23]} b2
{[%clk 0:24:08]} 43. Rb1 {[%clk 0:21:48]} Kh7 {[%clk 0:23:39]} 44. Kg3
{[%clk 0:19:39]} Kg6 {[%clk 0:23:10]} 45. Kg4 {[%clk 0:17:30]} Rb5
{[%clk 0:21:39]} 46. f4 {[%clk 0:17:14]} Rb4 {[%clk 0:21:46]} 47. Kg3
{[%clk 0:15:31]} Rb3+ {[%clk 0:20:20]} 48. Kf2 {[%clk 0:14:16]} Rh3
{[%clk 0:17:56]} 49. Ke2 {[%clk 0:13:34]} Kf5 {[%clk 0:17:01]} 50. Rf1
{[%clk 0:12:00]} Rh2+ {[%clk 0:14:44]} 51. Kd3 {[%clk 0:11:39]} Rf2
{[%clk 0:14:06]} 52. Rg1 {[%clk 0:10:01]} Rxf4 {[%clk 0:12:47]} 53. Kc2
{[%clk 0:09:44]} Rf2+ {[%clk 0:12:27]} 54. Kb1 {[%clk 0:09:36]} Kg6
{[%clk 0:12:43]} 55. Ka2 {[%clk 0:08:07]} Rh2 {[%clk 0:12:42]} 56. Rg3
{[%clk 0:07:21]} Rf2 {[%clk 0:12:25]} 57. Rh3 {[%clk 0:07:22]} Rf8
{[%clk 0:12:41]} 58. Rg3 {[%clk 0:06:29]} Rf2 {[%clk 0:13:05]} 59. Rg1
{[%clk 0:06:34]} Rh2 {[%clk 0:13:25]} 60. Kb1 {[%clk 0:06:05]} Rf2
{[%clk 0:13:36]} 61. Rh1 {[%clk 0:05:14]} 1/2-1/2

[Event "EYCC 2024 - O14"]
[Site "?"]
[Date "2024.08.31"]
[Round "9.14"]
[White "Senel, Hayri Beyhun"]
[Black "Villa Tornero, Alex"]
[Result "0-1"]
[BlackElo "2241"]
[WhiteElo "2084"]
[LiveChessVersion "1.4.8"]

1. Nf3 {[%clk 1:30:50]} d5 {[%clk 1:30:54]} 2. b3 {[%clk 1:31:16]} Nf6
{[%clk 1:31:06]} 3. Bb2 {[%clk 1:31:44]} e6 {[%clk 1:31:23]} 4. e3
{[%clk 1:32:01]} Bd6 {[%clk 1:30:51]} 5. d4 {[%clk 1:29:33]} O-O {[%clk 1:31:09]}
6. Nbd2 {[%clk 1:28:33]} b6 {[%clk 1:31:14]} 7. Bd3 {[%clk 1:21:54]} Bb7
{[%clk 1:31:32]} 8. O-O {[%clk 1:21:56]} c5 {[%clk 1:31:46]} 9. Ne5
{[%clk 1:16:37]} Nc6 {[%clk 1:32:07]} 10. Nxc6 {[%clk 1:14:59]} Bxc6
{[%clk 1:32:34]} 11. Qe2 {[%clk 1:12:25]} Rc8 {[%clk 1:30:12]} 12. h3
{[%clk 1:00:33]} cxd4 {[%clk 1:24:57]} 13. exd4 {[%clk 1:00:57]} h6
{[%clk 1:22:54]} 14. a4 {[%clk 1:00:19]} Qe7 {[%clk 1:12:51]} 15. Rfc1
{[%clk 0:48:39]} a5 {[%clk 1:11:09]} 16. Nb1 {[%clk 0:40:42]} Ne4
{[%clk 1:08:46]} 17. Ba3 {[%clk 0:35:20]} Bxa3 {[%clk 1:03:31]} 18. Nxa3
{[%clk 0:35:31]} f5 {[%clk 1:00:40]} 19. f3 {[%clk 0:30:04]} Nd6 {[%clk 0:52:22]}
20. Re1 {[%clk 0:26:05]} Bd7 {[%clk 0:52:07]} 21. Nb5 {[%clk 0:22:56]} Bxb5
{[%clk 0:50:54]} 22. axb5 {[%clk 0:22:58]} Rfe8 {[%clk 0:50:21]} 23. Qd2
{[%clk 0:17:01]} Qf6 {[%clk 0:49:23]} 24. Qf2 {[%clk 0:16:25]} f4
{[%clk 0:46:28]} 25. Re2 {[%clk 0:15:32]} Nf7 {[%clk 0:44:02]} 26. c4
{[%clk 0:13:23]} Nd6 {[%clk 0:40:30]} 27. Rc2 {[%clk 0:09:27]} dxc4
{[%clk 0:40:27]} 28. bxc4 {[%clk 0:09:49]} e5 {[%clk 0:40:42]} 29. c5
{[%clk 0:06:36]} bxc5 {[%clk 0:41:00]} 30. Rxc5 {[%clk 0:03:00]} Rxc5
{[%clk 0:40:37]} 31. dxc5 {[%clk 0:03:28]} e4 {[%clk 0:41:07]} 32. Qa2+
{[%clk 0:03:42]} Kh8 {[%clk 0:40:13]} 33. Bxe4 {[%clk 0:02:47]} Qd4+
{[%clk 0:32:05]} 34. Kh1 {[%clk 0:03:16]} Nxe4 {[%clk 0:30:30]} 35. fxe4
{[%clk 0:03:45]} Qxc5 {[%clk 0:30:50]} 36. Qxa5 {[%clk 0:03:53]} f3
{[%clk 0:31:15]} 37. gxf3 {[%clk 0:03:01]} Qh5 {[%clk 0:31:31]} 38. Kg2
{[%clk 0:02:02]} Qg5+ {[%clk 0:30:21]} 39. Kf2 {[%clk 0:01:39]} Qc5+
{[%clk 0:30:01]} 40. Ke2 {[%clk 0:01:26]} Qc4+ {[%clk 0:30:13]} 41. Ke3
{[%clk 0:01:04]} Qb3+ {[%clk 0:29:53]} 42. Ke2 {[%clk 0:01:00]} Qb2+
{[%clk 0:25:10]} 43. Ke3 {[%clk 0:01:18]} Rc8 {[%clk 0:25:00]} 44. Rd1
{[%clk 0:01:12]} Rc3+ {[%clk 0:24:40]} 45. Rd3 {[%clk 0:01:18]} Qc1+
{[%clk 0:24:56]} 46. Ke2 {[%clk 0:00:58]} Qc2+ {[%clk 0:22:31]} 47. Rd2
{[%clk 0:01:23]} Qb3 {[%clk 0:22:59]} 48. Qd8+ {[%clk 0:01:05]} Kh7
{[%clk 0:23:27]} 49. Rd3 {[%clk 0:00:50]} Rc2+ {[%clk 0:20:33]} 50. Rd2
{[%clk 0:01:08]} Rc3 {[%clk 0:20:04]} 51. Rd3 {[%clk 0:01:37]} Qb2+
{[%clk 0:20:12]} 52. Rd2 {[%clk 0:01:12]} Qxb5+ {[%clk 0:20:32]} 53. Rd3
{[%clk 0:01:01]} Rc2+ {[%clk 0:20:36]} 54. Ke3 {[%clk 0:00:46]} Qc5+
{[%clk 0:20:24]} 55. Rd4 {[%clk 0:00:47]} Qa3+ {[%clk 0:19:33]} 56. Kf4
{[%clk 0:00:35]} Rc3 {[%clk 0:19:21]} 57. Ke5 {[%clk 0:00:38]} Rxf3
{[%clk 0:19:39]} 58. Qd7 {[%clk 0:00:47]} Rf6 {[%clk 0:18:44]} 59. Rd3
{[%clk 0:00:39]} Qc5+ {[%clk 0:19:03]} 60. Rd5 {[%clk 0:00:56]} Qc3+
{[%clk 0:18:54]} 61. Rd4 {[%clk 0:01:25]} Rf8 {[%clk 0:16:24]} 62. Kd5
{[%clk 0:01:08]} Qa5+ {[%clk 0:16:23]} 63. Kc4 {[%clk 0:00:57]} Rf1
{[%clk 0:16:42]} 64. Rd3 {[%clk 0:00:51]} Rc1+ {[%clk 0:17:03]} 65. Kd4
{[%clk 0:01:19]} Qc5# {[%clk 0:17:29]} 0-1

[Event "EYCC 2024 - O14"]
[Site "?"]
[Date "2024.08.31"]
[Round "9.15"]
[White "Sandmann, Villads Majvang"]
[Black "Bonelli Maestracci, Pierre Joseph"]
[Result "0-1"]
[BlackElo "2203"]
[WhiteElo "2068"]
[LiveChessVersion "1.4.8"]

1. e4 {[%clk 1:30:58]} c5 {[%clk 1:30:55]} 2. Nf3 {[%clk 1:31:24]} d6
{[%clk 1:31:20]} 3. d4 {[%clk 1:31:49]} cxd4 {[%clk 1:31:46]} 4. Nxd4
{[%clk 1:32:14]} Nf6 {[%clk 1:32:12]} 5. Nc3 {[%clk 1:32:35]} a6 {[%clk 1:32:36]}
6. h3 {[%clk 1:32:55]} e5 {[%clk 1:23:55]} 7. Nf3 {[%clk 1:33:18]} Be6
{[%clk 1:17:22]} 8. Ng5 {[%clk 1:33:32]} Be7 {[%clk 1:10:11]} 9. Nxe6
{[%clk 1:27:08]} fxe6 {[%clk 1:10:40]} 10. Bc4 {[%clk 1:24:46]} Qd7
{[%clk 1:05:38]} 11. a3 {[%clk 1:16:40]} O-O {[%clk 0:58:41]} 12. O-O
{[%clk 1:11:12]} b5 {[%clk 0:55:47]} 13. Bb3 {[%clk 1:06:44]} Nc6
{[%clk 0:54:26]} 14. f4 {[%clk 0:58:59]} exf4 {[%clk 0:50:33]} 15. Bxf4
{[%clk 0:59:01]} Kh8 {[%clk 0:49:17]} 16. Qd2 {[%clk 0:49:07]} Na5
{[%clk 0:28:11]} 17. Rad1 {[%clk 0:36:54]} Rfd8 {[%clk 0:26:14]} 18. Qe2
{[%clk 0:32:50]} Nxb3 {[%clk 0:23:22]} 19. cxb3 {[%clk 0:33:12]} d5
{[%clk 0:19:11]} 20. exd5 {[%clk 0:28:01]} exd5 {[%clk 0:18:17]} 21. Be5
{[%clk 0:23:52]} Re8 {[%clk 0:16:57]} 22. Qf3 {[%clk 0:17:58]} Bc5+
{[%clk 0:14:46]} 23. Bd4 {[%clk 0:16:51]} Bxd4+ {[%clk 0:14:02]} 24. Rxd4
{[%clk 0:17:15]} Re5 {[%clk 0:12:54]} 25. Rfd1 {[%clk 0:15:23]} Rf5
{[%clk 0:10:11]} 26. Qd3 {[%clk 0:15:07]} Rd8 {[%clk 0:09:26]} 27. a4
{[%clk 0:13:24]} bxa4 {[%clk 0:08:54]} 28. bxa4 {[%clk 0:13:24]} Rg5
{[%clk 0:08:49]} 29. Kh1 {[%clk 0:11:42]} h6 {[%clk 0:08:20]} 30. Qxa6
{[%clk 0:10:41]} Qf5 {[%clk 0:06:26]} 31. Qd3 {[%clk 0:06:31]} Qe5
{[%clk 0:06:38]} 32. Qe2 {[%clk 0:04:42]} Qf5 {[%clk 0:05:04]} 33. Qf3
{[%clk 0:04:07]} Qe6 {[%clk 0:05:13]} 34. a5 {[%clk 0:03:49]} Re5
{[%clk 0:04:03]} 35. b4 {[%clk 0:02:28]} Re3 {[%clk 0:04:20]} 36. Qf1
{[%clk 0:01:36]} Rxc3 {[%clk 0:04:46]} 37. b5 {[%clk 0:01:52]} Qe3
{[%clk 0:02:22]} 38. R4d3 {[%clk 0:00:41]} Rxd3 {[%clk 0:02:48]} 39. Rxd3
{[%clk 0:01:04]} Qc5 {[%clk 0:03:11]} 40. Rb3 {[%clk 0:00:56]} Ne4
{[%clk 0:03:20]} 41. Qe1 {[%clk 0:00:33]} Re8 {[%clk 0:02:47]} 42. Kh2
{[%clk 0:00:33]} Qc4 {[%clk 0:02:30]} 43. Rb4 Qc7+ {[%clk 0:02:53]} 44. Kg1
{[%clk 0:01:01]} Qxa5 {[%clk 0:03:05]} 45. b6 {[%clk 0:01:21]} Qc5+
{[%clk 0:03:18]} 46. Kh2 {[%clk 0:01:26]} Nd6 {[%clk 0:03:06]} 47. Qb1
{[%clk 0:01:15]} Rb8 {[%clk 0:03:21]} 48. Qb3 {[%clk 0:01:20]} Nc4
{[%clk 0:02:39]} 49. b7 {[%clk 0:01:18]} Na5 {[%clk 0:02:20]} 50. Qg3
{[%clk 0:00:39]} Nc6 {[%clk 0:01:48]} 51. Ra4 {[%clk 0:00:41]} Rxb7
{[%clk 0:01:39]} 52. Ra8+ {[%clk 0:01:06]} Kh7 {[%clk 0:01:48]} 53. Qd3+
{[%clk 0:01:26]} g6 {[%clk 0:02:18]} 54. Qe2 {[%clk 0:00:55]} Qd6+
{[%clk 0:02:28]} 55. g3 {[%clk 0:01:18]} Qe5 {[%clk 0:02:42]} 0-1